Loading...

Kabir ke aalochak/

Bibliographic Details
Main Author: Dharmvir
Format: Printed Book
Published: New Delhi: Vani, 1998.
Subjects:
LEADER 00552nam a22001691a 4500
020 |a 9788170555469 
082 |a H100 9  |b DHA/K 
100 |a Dharmvir  |9 123993 
245 |a Kabir ke aalochak/  |c by Dharmvir 
260 |a New Delhi:  |b Vani,  |c 1998. 
300 |a 115p. 
650 |a Poetry Hindi Criticism  |9 123994 
650 |a Literature Hindi  |9 123995 
650 |a Literature  |9 123996 
942 |c BK 
999 |c 22244  |d 22244 
952 |0 0  |1 0  |4 0  |6 H_100_900000000000000_DHA_K  |7 0  |9 31245  |a SSUS  |b SSUS  |d 2015-01-08  |g 100.00  |o H100 9 DHA/K  |p 005724  |r 2015-01-08  |v 0.00  |w 2015-01-08  |y BK